[Event "XXVII Memorial Edoardo Crespi A"]
[Site "Milano ITA"]
[Date "2006.12.07"]
[Round "1"]
[White "Sgnaolin, Davide"]
[Black "Marinone, Lucio"]
[Result "1-0"]
[WhiteElo "2144"]
[BlackElo "1980"]
[PlyCount "71"]
[EventDate "2006.12.07"]

1. e4 d6 2. d4 Nf6 3. Nc3 c6 4. Nf3 Bg4 5. h3 Bh5 6. Qe2 Qa5 7. Bd2 e5 8. g4
Bg6 9. h4 h5 10. g5 Ng4 11. Bh3 Nd7 12. O-O Qc7 13. d5 O-O-O 14. b4 Kb8 15. Ne1
f6 16. f3 Be7 17. dxc6 bxc6 18. b5 fxg5 19. bxc6 Nc5 20. Nd5 Qxc6 21. Nxe7 Qe8
22. Rb1+ Ka8 23. Nd5 Rd7 24. hxg5 Bf7 25. c4 Be6 26. Nd3 Nxd3 27. Qxd3 Nf2 28.
Rxf2 Bxh3 29. Nf6 Qc8 30. Nxd7 Bxd7 31. Qxd6 Re8 32. Be3 Re6 33. Qc5 Qa6 34.
Rfb2 Rb6 35. Qd5+ Bc6 36. Qxc6+ 1-0

[Event "XXVII Memorial Edoardo Crespi A"]
[Site "Milano ITA"]
[Date "2006.12.07"]
[Round "1"]
[White "Stefanetti, Marco"]
[Black "Orsi, Matteo"]
[Result "1-0"]
[WhiteElo "2108"]
[BlackElo "1945"]
[PlyCount "61"]
[EventDate "2006.12.07"]

1. d4 Nf6 2. Nf3 d5 3. Bg5 g6 4. e3 Bg7 5. Bd3 O-O 6. Nbd2 Bg4 7. h3 Bxf3 8.
Nxf3 Nbd7 9. O-O c5 10. c3 Qb6 11. Rb1 Rfe8 12. b4 c4 13. Bc2 Ne4 14. Bxe4 dxe4
15. Nd2 Qc6 16. b5 Qd5 17. Bh4 e5 18. f3 exd4 19. fxe4 Rxe4 20. Qf3 Re5 21.
Qxd5 Rxd5 22. exd4 Nb6 23. Ne4 Nd7 24. a4 f5 25. Nd2 Nb6 26. a5 Na4 27. Rfc1
Bh6 28. Be1 a6 29. bxa6 bxa6 30. Rc2 Rxa5 31. Nxc4 1-0

[Event "XXVII Memorial Edoardo Crespi A"]
[Site "Milano ITA"]
[Date "2006.12.07"]
[Round "1"]
[White "Stips, Felix"]
[Black "Farachi, Francesco"]
[Result "1-0"]
[WhiteElo "1944"]
[BlackElo "2101"]
[PlyCount "59"]
[EventDate "2006.12.07"]

1. e4 c5 2. Nf3 Nc6 3. d4 cxd4 4. Nxd4 Nf6 5. Nc3 e5 6. Ndb5 d6 7. Bg5 a6 8.
Na3 b5 9. Nd5 Be7 10. Bxf6 Bxf6 11. c3 Bg5 12. Nc2 Rb8 13. Ncb4 Nxb4 14. Nxb4
Bb7 15. Nd5 O-O 16. h4 Bh6 17. g3 Rc8 18. a4 Rc5 19. b4 Rc8 20. axb5 Bxd5 21.
Qxd5 Rxc3 22. bxa6 Qb6 23. Bg2 Qxb4 24. O-O Qc5 25. a7 Qxd5 26. exd5 Ra8 27.
Bh3 g6 28. Rfb1 f5 29. Rb8+ Rc8 30. Rxc8+ 1-0

[Event "XXVII Memorial Edoardo Crespi A"]
[Site "Milano ITA"]
[Date "2006.12.07"]
[Round "1"]
[White "Tagliagambe, Stefano"]
[Black "Martinez, Rolly"]
[Result "0-1"]
[WhiteElo "2050"]
[BlackElo "2411"]
[PlyCount "39"]
[EventDate "2006.12.07"]

1. Nf3 d5 2. c4 d4 3. e3 Nc6 4. b4 dxe3 5. fxe3 Nxb4 6. d4 e5 7. Nxe5 Qh4+ 8.
g3 Qe4 9. Qf3 Nc2+ 10. Kd1 Qxf3+ 11. Nxf3 Nxa1 12. Nc3 Bf5 13. Be2 Bb4 14. Nh4
Bc2+ 15. Kd2 Nf6 16. Bd3 Ne4+ 17. Bxe4 Bxe4 18. Rf1 O-O 19. Nf5 Nc2 20. Ne7+
0-1

[Event "XXVII Memorial Edoardo Crespi A"]
[Site "Milano ITA"]
[Date "2006.12.07"]
[Round "1"]
[White "Valsecchi, Alessio"]
[Black "Amato, Andrea"]
[Result "1/2-1/2"]
[WhiteElo "2030"]
[BlackElo "2263"]
[PlyCount "67"]
[EventDate "2006.12.07"]

1. e4 e6 2. d4 d5 3. Nc3 Nf6 4. Bg5 dxe4 5. Nxe4 Be7 6. Nxf6+ Bxf6 7. Bxf6 Qxf6
8. Nf3 O-O 9. Bd3 c5 10. c3 cxd4 11. Nxd4 e5 12. Nb5 Qc6 13. Qc2 a6 14. Na3 f5
15. O-O Be6 16. Qe2 Nd7 17. Bc4 b5 18. Bxe6+ Qxe6 19. Nc2 Rad8 20. a4 bxa4 21.
Rxa4 Nc5 22. Ra3 Rd6 23. Nb4 Rfd8 24. Ra5 Rd2 25. Qe3 Ne4 26. Rxa6 Qc4 27. Rc6
Qb3 28. Rc7 Rd1 29. g3 Rxf1+ 30. Kxf1 Qd1+ 31. Kg2 Nd2 32. h4 e4 33. Rxg7+ Kh8
34. Rg8+ 1/2-1/2

[Event "XXVII Memorial Edoardo Crespi A"]
[Site "Milano ITA"]
[Date "2006.12.08"]
[Round "2"]
[White "Amato, Andrea"]
[Black "Rossi, Giampiero"]
[Result "1-0"]
[WhiteElo "2263"]
[BlackElo "1976"]
[PlyCount "109"]
[EventDate "2006.12.07"]

1. e4 c5 2. Nf3 e6 3. d4 cxd4 4. Nxd4 a6 5. Bd3 Nc6 6. Nxc6 dxc6 7. Nd2 e5 8.
O-O Bd6 9. Nc4 Bc7 10. Bd2 Nf6 11. a4 Be6 12. Qe2 O-O 13. Bb4 Re8 14. a5 Bxc4
15. Bxc4 Qd4 16. Rfd1 Qa7 17. Bb3 b5 18. axb6 Bxb6 19. Rd2 a5 20. Bc3 Qc7 21.
Qc4 Re7 22. h3 Nd7 23. Bb4 c5 24. Bc3 Nb8 25. Qb5 Nc6 26. Bd5 Rc8 27. Bxc6 Qxc6
28. Qxc6 Rxc6 29. Bxa5 Bxa5 30. Rxa5 f6 31. Rd5 Rb7 32. Rdxc5 Rxc5 33. Rxc5
Rxb2 34. Rc7 h5 35. h4 Kh7 36. Kf1 Rb1+ 37. Ke2 Rg1 38. g3 Kg6 39. Rd7 Rc1 40.
Rd2 Kf7 41. Kd3 g5 42. Kc4 gxh4 43. gxh4 Rh1 44. Kd5 Rxh4 45. c4 Rh3 46. c5 Rc3
47. Kd6 h4 48. Rd1 h3 49. c6 h2 50. c7 Rc2 51. Kd7 Rd2+ 52. Rxd2 h1=Q 53. c8=Q
Qh3+ 54. Kd8 Qh8+ 55. Kc7 1-0

[Event "XXVII Memorial Edoardo Crespi A"]
[Site "Milano ITA"]
[Date "2006.12.08"]
[Round "2"]
[White "Bernago, Federico"]
[Black "Galli, Fabio"]
[Result "1/2-1/2"]
[WhiteElo "1990"]
[BlackElo "2066"]
[PlyCount "23"]
[EventDate "2006.12.07"]

1. e4 c6 2. d3 d5 3. Nd2 dxe4 4. dxe4 e5 5. Ngf3 Bg4 6. Bc4 Bxf3 7. Qxf3 Nf6 8.
O-O Qc7 9. Re1 Nbd7 10. Nf1 Bc5 11. Be3 O-O 12. Ng3 1/2-1/2

[Event "XXVII Memorial Edoardo Crespi A"]
[Site "Milano ITA"]
[Date "2006.12.08"]
[Round "2"]
[White "Bisignano, Giuseppe"]
[Black "Stefanetti, Marco"]
[Result "0-1"]
[WhiteElo "1921"]
[BlackElo "2108"]
[PlyCount "112"]
[EventDate "2006.12.07"]

1. e4 c6 2. d4 d5 3. Nc3 dxe4 4. Nxe4 Bf5 5. Ng3 Bg6 6. Bc4 e6 7. Nf3 Nf6 8.
O-O Bd6 9. Ne5 Bxe5 10. dxe5 Qxd1 11. Rxd1 Nfd7 12. Bf4 Bxc2 13. Rd6 Nb6 14.
Bd3 Bxd3 15. Rxd3 Nd5 16. Bd2 Nd7 17. Re1 O-O 18. h4 h6 19. Nh5 Kh7 20. g4 Rad8
21. g5 g6 22. Ng3 h5 23. f4 N7b6 24. b3 Nc8 25. Rd1 Rd7 26. Bb4 Rfd8 27. Ne4 b6
28. a4 c5 29. Ba3 Nce7 30. b4 c4 31. Rd4 Nf5 32. R4d2 Nxh4 33. Kf2 Nf5 34. b5
Kg7 35. Nf6 Rc7 36. Nxd5 exd5 37. Rxd5 Rxd5 38. Rxd5 c3 39. Ke2 Rc4 40. Bc1 Rd4
41. Rxd4 Nxd4+ 42. Kd3 h4 43. f5 Nxf5 44. Kxc3 Kf8 45. Kc4 Ke8 46. Kd5 Kd7 47.
Bf4 Ne7+ 48. Kd4 Ke6 49. Ke4 Nd5 50. Bh2 Nc3+ 51. Kf4 Nxa4 52. Kg4 Nc3 53. Kxh4
Nxb5 54. Kg4 Nd4 55. Kf4 Kd5 56. Ke3 Ne6 0-1

[Event "XXVII Memorial Edoardo Crespi A"]
[Site "Milano ITA"]
[Date "2006.12.08"]
[Round "2"]
[White "Bonade', Massimo"]
[Black "Ramondino, Renzo"]
[Result "0-1"]
[WhiteElo "2097"]
[BlackElo "2294"]
[PlyCount "82"]
[EventDate "2006.12.07"]

1. d4 Nf6 2. c4 g6 3. Nc3 Bg7 4. e4 d6 5. Nf3 O-O 6. Be2 e5 7. Be3 c6 8. d5 Ng4
9. Bg5 f6 10. Bh4 h5 11. Nd2 c5 12. Bxg4 Bxg4 13. f3 Bc8 14. Qe2 Rf7 15. O-O-O
a6 16. Bf2 b5 17. Rdg1 Qa5 18. g4 hxg4 19. fxg4 Nd7 20. h4 Nb6 21. Kb1 Nxc4 22.
Nxc4 bxc4 23. g5 f5 24. h5 Rb8 25. Be1 Rfb7 26. Nd1 Qa4 27. Bc3 fxe4 28. hxg6
Bf5 29. Qh5 e3+ 30. Ka1 e2 31. Ne3 Rxb2 32. Qh7+ Kf8 33. Qxg7+ Kxg7 34. Nxf5+
Kxg6 35. Nh4+ Kg7 36. Nf5+ Kg6 37. Nh4+ Kg7 38. Nf5+ Kg8 39. Bxb2 Qc2 40. Nh6+
Kf8 41. Rb1 c3 0-1

[Event "XXVII Memorial Edoardo Crespi A"]
[Site "Milano ITA"]
[Date "2006.12.08"]
[Round "2"]
[White "Bonazzi, Edoardo"]
[Black "Oteri, Aldo"]
[Result "1-0"]
[WhiteElo "2142"]
[BlackElo "1954"]
[PlyCount "37"]
[EventDate "2006.12.07"]

1. Nf3 Nf6 2. c4 e6 3. g3 d5 4. b3 c5 5. Bg2 Nc6 6. e3 d4 7. exd4 cxd4 8. O-O
e5 9. Re1 Bd6 10. b4 Nxb4 11. Nxe5 O-O 12. a3 Qa5 13. Bb2 Bxe5 14. axb4 Qc7 15.
Na3 a6 16. Nc2 Be6 17. d3 Rad8 18. Qe2 Bg4 19. Qxe5 1-0

[Event "XXVII Memorial Edoardo Crespi A"]
[Site "Milano ITA"]
[Date "2006.12.08"]
[Round "2"]
[White "Bozzali, Ermanno"]
[Black "Salvador, Roland"]
[Result "0-1"]
[WhiteElo "2099"]
[BlackElo "2455"]
[PlyCount "66"]
[EventDate "2006.12.07"]

1. e4 c5 2. Nf3 Nc6 3. Bb5 Nf6 4. e5 Nd5 5. Nc3 Nc7 6. Bc4 g6 7. O-O Bg7 8. Re1
O-O 9. a3 d5 10. exd6 exd6 11. Nd5 Bg4 12. h3 Bxf3 13. Qxf3 Ne5 14. Qb3 b5 15.
Bxb5 Nxb5 16. Qxb5 Nf3+ 17. gxf3 Qg5+ 18. Kf1 Qxd5 19. Qd3 Qh5 20. Kg2 Qg5+ 21.
Kh1 Rae8 22. Qf1 Qf4 23. Kg2 Be5 24. Qh1 Qg5+ 25. Kf1 Bd4 26. d3 Rxe1+ 27. Kxe1
Re8+ 28. Kf1 Qe5 29. Be3 Bxe3 30. fxe3 Qxb2 31. Re1 Qxc2 32. Qg2 Qxd3+ 33. Qe2
Rxe3 0-1

[Event "XXVII Memorial Edoardo Crespi A"]
[Site "Milano ITA"]
[Date "2006.12.08"]
[Round "2"]
[White "Cavatorta, Fosco"]
[Black "Raineri, Valerio"]
[Result "0-1"]
[WhiteElo "1976"]
[BlackElo "2129"]
[PlyCount "54"]
[EventDate "2006.12.07"]

1. Nf3 Nf6 2. g3 g6 3. Bg2 Bg7 4. O-O d6 5. d3 e5 6. e4 O-O 7. b4 c6 8. Nbd2
Na6 9. c3 Nc7 10. Nc4 Nfe8 11. Qc2 Ne6 12. Rd1 f5 13. a4 Qc7 14. Ng5 f4 15. Nf3
g5 16. g4 h5 17. Bh3 Nf6 18. gxh5 g4 19. Nh4 gxh3 20. h6 Bxh6 21. Nf5 Kh7 22.
Kh1 Ng7 23. Ncxd6 Nxf5 24. Nxf5 Bxf5 25. exf5 Rg8 26. Qe2 Rg2 27. d4 e4 0-1

[Event "XXVII Memorial Edoardo Crespi A"]
[Site "Milano ITA"]
[Date "2006.12.08"]
[Round "2"]
[White "Crippa, Gabriele"]
[Black "Pasquotto, Mirko"]
[Result "1-0"]
[WhiteElo "2116"]
[BlackElo "1978"]
[PlyCount "49"]
[EventDate "2006.12.07"]

1. d4 Nf6 2. Nf3 g6 3. Nc3 Bg7 4. e4 d6 5. Be3 O-O 6. Qd2 c6 7. Bh6 b5 8. Bd3
Bb7 9. e5 dxe5 10. dxe5 Nd5 11. Bxg7 Kxg7 12. h4 h5 13. e6 f6 14. Rh3 Qd6 15.
Nxd5 Qxd5 16. Rg3 Qxe6+ 17. Kf1 f5 18. Re1 Qd6 19. Qg5 Bc8 20. Rxe7+ Rf7 21.
Rxf7+ Kxf7 22. Qh6 Qf6 23. Qh7+ Qg7 24. Ne5+ Kf8 25. Nxg6+ 1-0

[Event "XXVII Memorial Edoardo Crespi A"]
[Site "Milano ITA"]
[Date "2006.12.08"]
[Round "2"]
[White "D'Apa, Matteo"]
[Black "Cardani, Roberto"]
[Result "1-0"]
[WhiteElo "2026"]
[BlackElo "1903"]
[PlyCount "99"]
[EventDate "2006.12.07"]

1. d4 Nf6 2. c4 e6 3. Nc3 Bb4 4. Nf3 d5 5. e3 O-O 6. Bd3 c5 7. O-O Nc6 8. a3
Bxc3 9. bxc3 dxc4 10. Bxc4 Qc7 11. Qe2 e5 12. d5 e4 13. dxc6 exf3 14. Qxf3 Bg4
15. Qg3 Qxc6 16. f3 Be6 17. Bxe6 Qxe6 18. e4 Rfd8 19. Bg5 h6 20. Bxf6 Qxf6 21.
f4 Rd7 22. Rad1 Rad8 23. Rxd7 Rxd7 24. f5 Qd6 25. e5 Qd3 26. Rf3 Qd1+ 27. Rf1
Qd3 28. Qe1 Qd2 29. e6 Qxe1 30. Rxe1 fxe6 31. fxe6 Re7 32. Kf2 g6 33. Re5 b6
34. Kf3 Kg7 35. Ke4 Kf6 36. Kd5 Re8 37. Re1 Rd8+ 38. Kc6 Ke7 39. Kb7 Rd3 40.
Rc1 Rd2 41. Kxa7 Rxg2 42. Kxb6 Rxh2 43. a4 Ra2 44. a5 Kd6 45. Rb1 Kxe6 46. a6
Rf2 47. a7 Ra2 48. Rb5 Rxa7 49. Kxa7 Kd5 50. Kb6 1-0

[Event "XXVII Memorial Edoardo Crespi A"]
[Site "Milano ITA"]
[Date "2006.12.08"]
[Round "2"]
[White "Di Paola, Antonio"]
[Black "Cazzaniga, Walter"]
[Result "0-1"]
[WhiteElo "1906"]
[BlackElo "2159"]
[PlyCount "60"]
[EventDate "2006.12.07"]

1. d4 Nf6 2. c4 g6 3. Nc3 Bg7 4. e4 d6 5. Nf3 O-O 6. Be2 e5 7. d5 a5 8. Bg5 h6
9. Bh4 Na6 10. Nd2 Qe8 11. O-O Nh7 12. a3 Bd7 13. b3 h5 14. f3 Bh6 15. Bf2 Qe7
16. Rb1 Qg5 17. f4 Qxf4 18. Nf3 Qf6 19. b4 axb4 20. axb4 Qe7 21. Qc2 f5 22. Nh4
Qg5 23. Qd3 Nf6 24. Rfe1 Ng4 25. Bxg4 hxg4 26. c5 f4 27. cxd6 cxd6 28. Nb5 g3
29. hxg3 fxg3 30. Bxg3 Bxb5 0-1

[Event "XXVII Memorial Edoardo Crespi A"]
[Site "Milano ITA"]
[Date "2006.12.08"]
[Round "2"]
[White "Didoni, Renato"]
[Black "Aranovitch, Emiliano"]
[Result "0-1"]
[WhiteElo "2076"]
[BlackElo "2278"]
[PlyCount "64"]
[EventDate "2006.12.07"]

1. Nf3 Nf6 2. d4 g6 3. Nbd2 d5 4. c3 Bg7 5. Ne5 Nfd7 6. Ndf3 Nxe5 7. Nxe5 f6 8.
Nf3 e5 9. e3 c6 10. b3 Qa5 11. Bd2 Qb6 12. Rc1 Be6 13. Be2 e4 14. Nh4 O-O 15.
g3 g5 16. Ng2 Bh3 17. O-O f5 18. c4 Nd7 19. Re1 Rf7 20. Rc3 Raf8 21. Qc2 Nf6
22. cxd5 Nxd5 23. Rc5 f4 24. gxf4 gxf4 25. Bc4 Qd8 26. Bxd5 cxd5 27. exf4 Bxd4
28. Bb4 Bxc5 29. Bxc5 Rg7 30. Bxf8 Qxf8 31. Re3 Rxg2+ 32. Kh1 Qg7 0-1

[Event "XXVII Memorial Edoardo Crespi A"]
[Site "Milano ITA"]
[Date "2006.12.08"]
[Round "2"]
[White "Facchetti, Gianni"]
[Black "Stips, Felix"]
[Result "0-1"]
[WhiteElo "2121"]
[BlackElo "1944"]
[PlyCount "72"]
[EventDate "2006.12.07"]

1. e4 c5 2. Nf3 e6 3. c3 Nf6 4. e5 Nd5 5. g3 Nc6 6. Bg2 d6 7. exd6 Bxd6 8. O-O
O-O 9. d4 b6 10. c4 Nde7 11. Nc3 Bb7 12. dxc5 Bxc5 13. Ne4 Qc7 14. Nxc5 bxc5
15. Bf4 Qb6 16. Qe2 Nf5 17. Be3 Rad8 18. Rfd1 Nb4 19. a3 Nxe3 20. fxe3 Nc6 21.
Qc2 Ne7 22. Ng5 Ng6 23. Bxb7 Qxb7 24. h4 Qc7 25. Kg2 Qb7+ 26. Kh3 h6 27. h5
Rxd1 28. Rxd1 hxg5 29. hxg6 f5 30. Qg2 Qb3 31. Qe2 g4+ 32. Kh2 Qb6 33. Qd2 e5
34. Qd5+ Kh8 35. Kg1 Qxg6 36. Rd2 Qf7 0-1

[Event "XXVII Memorial Edoardo Crespi A"]
[Site "Milano ITA"]
[Date "2006.12.08"]
[Round "2"]
[White "Farachi, Francesco"]
[Black "Piantoni, Pierino"]
[Result "1-0"]
[WhiteElo "2101"]
[BlackElo "1973"]
[PlyCount "81"]
[EventDate "2006.12.07"]

1. e4 Nc6 2. Nf3 e6 3. d4 d5 4. e5 f6 5. Be2 g6 6. Nc3 Bg7 7. Bf4 fxe5 8. dxe5
Nge7 9. g4 Rf8 10. Bg3 Qd7 11. Qd2 b6 12. Nb5 a6 13. Nbd4 Nxd4 14. Nxd4 c5 15.
Nb3 Bb7 16. Rf1 O-O-O 17. f4 d4 18. Bc4 Nd5 19. Bxd5 Qxd5 20. O-O-O a5 21. Kb1
Rf7 22. Qe2 Qe4 23. Qb5 Qc6 24. Qxc6+ Bxc6 25. f5 gxf5 26. gxf5 Rxf5 27. Rxf5
exf5 28. Nd2 Bh6 29. Nc4 f4 30. Bh4 Rg8 31. Nd6+ Kc7 32. Nf5 Bg5 33. Rg1 Bxh4
34. Rxg8 Bf2 35. Rg7+ Kd8 36. e6 Be8 37. Nd6 Be3 38. Nxe8 Kxe8 39. Rf7 h6 40.
a4 Bd2 41. Ka2 1-0

[Event "XXVII Memorial Edoardo Crespi A"]
[Site "Milano ITA"]
[Date "2006.12.08"]
[Round "2"]
[White "Ferretti, Folco"]
[Black "Valsecchi, Alessio"]
[Result "1-0"]
[WhiteElo "2291"]
[BlackElo "2030"]
[PlyCount "109"]
[EventDate "2006.12.07"]

1. Nf3 c5 2. c4 Nc6 3. Nc3 g6 4. e3 Bg7 5. d4 d6 6. d5 Ne5 7. Nxe5 Bxe5 8. Qc2
e6 9. dxe6 fxe6 10. Bd3 Ne7 11. Bd2 Bd7 12. Ne4 Qc7 13. Bc3 Bxc3+ 14. Qxc3
O-O-O 15. O-O Nc6 16. Rfd1 Ne5 17. Bf1 Bc6 18. Nxd6+ Rxd6 19. Qxe5 Rhd8 20. Re1
Rd2 21. Qxc5 Rxb2 22. Qxa7 Qf7 23. Qa8+ Kc7 24. Qa5+ Kc8 25. Re2 Qf6 26. Rae1
Rxe2 27. Bxe2 Rf8 28. Rf1 h5 29. Qc5 Rd8 30. Bf3 Qf5 31. Qxf5 gxf5 32. Rd1 Rg8
33. Bxc6 bxc6 34. f3 Kc7 35. Kf2 Ra8 36. Rd2 Kb6 37. Kg3 e5 38. Kh4 Rg8 39.
Kxh5 Kc5 40. g4 fxg4 41. fxg4 Kxc4 42. g5 Kc3 43. Rg2 Kd3 44. g6 Kxe3 45. g7 e4
46. Kg6 Kf3 47. Rc2 e3 48. Rxc6 e2 49. Re6 Ra8 50. h4 Ra6 51. Rxa6 e1=Q 52.
Rf6+ Kg4 53. g8=Q Qe4+ 54. Kh6+ Kh3 55. Qe6+ 1-0

[Event "XXVII Memorial Edoardo Crespi A"]
[Site "Milano ITA"]
[Date "2006.12.08"]
[Round "2"]
[White "Festa, Samuele"]
[Black "Magrini, Fabrizio"]
[Result "1/2-1/2"]
[WhiteElo "2017"]
[BlackElo "2141"]
[PlyCount "93"]
[EventDate "2006.12.07"]

1. c4 Nf6 2. Nc3 g6 3. g3 Bg7 4. Bg2 c5 5. Nf3 Nc6 6. d4 cxd4 7. Nxd4 O-O 8.
O-O a6 9. Rb1 h6 10. Nc2 d6 11. h3 Rb8 12. Ne3 Be6 13. Qd2 Qc8 14. Kh2 b5 15.
cxb5 axb5 16. Ncd5 Re8 17. b3 Qa6 18. Nc7 Qb6 19. Nxe8 Rxe8 20. Bb2 Ne5 21.
Rbc1 Qa7 22. Bd4 Qb8 23. Qa5 d5 24. Qc7 Ne4 25. Qxb8 Rxb8 26. Bxe4 dxe4 27.
Rfd1 Ra8 28. Rd2 f5 29. Kg2 Rd8 30. Rcd1 g5 31. Bc3 Rxd2 32. Rxd2 Kf7 33. Bb2
f4 34. gxf4 gxf4 35. Ng4 Nxg4 36. Bxg7 Nxf2 37. Bxh6 Bxh3+ 38. Kh2 e3 39. Rb2
e5 40. a4 Bd7 41. Bg5 bxa4 42. bxa4 Bxa4 43. Rb4 Bd1 44. Bxf4 exf4 45. Rxf4+
Kg6 46. Rxf2 exf2 47. Kg2 1/2-1/2

[Event "XXVII Memorial Edoardo Crespi A"]
[Site "Milano ITA"]
[Date "2006.12.08"]
[Round "2"]
[White "Frigieri, Fabrizio"]
[Black "Orsi, Matteo"]
[Result "1-0"]
[WhiteElo "2088"]
[BlackElo "1945"]
[PlyCount "67"]
[EventDate "2006.12.07"]

1. e4 c5 2. Nf3 e6 3. d4 cxd4 4. Nxd4 a6 5. Bd3 Qc7 6. O-O Nf6 7. Kh1 Be7 8. f4
d6 9. Nc3 Nbd7 10. a4 b6 11. Qe1 Bb7 12. Bd2 O-O 13. Qg3 Qc5 14. Be3 Qh5 15. f5
Qg4 16. Qf2 Nxe4 17. Nxe4 Bxe4 18. Be2 Qh4 19. Qxh4 Bxh4 20. Rf4 e5 21. Rxe4
exd4 22. Bxd4 Bg5 23. Kg1 Rfe8 24. Rxe8+ Rxe8 25. Bxa6 Nc5 26. Bb5 Re4 27. Bf2
Rf4 28. h3 Rxf5 29. b4 Ne4 30. Bxb6 Nc3 31. Bd3 Re5 32. a5 Nd5 33. Bd4 Re8 34.
b5 1-0

[Event "XXVII Memorial Edoardo Crespi A"]
[Site "Milano ITA"]
[Date "2006.12.08"]
[Round "2"]
[White "Giancotti, Eraldo"]
[Black "Isella, Lorenzo"]
[Result "1-0"]
[WhiteElo "2058"]
[BlackElo "1931"]
[PlyCount "101"]
[EventDate "2006.12.07"]

1. d4 Nf6 2. Nf3 e6 3. e3 c5 4. Bd3 d5 5. c3 Nc6 6. Nbd2 Be7 7. O-O Qc7 8. dxc5
Bxc5 9. e4 O-O 10. Qe2 dxe4 11. Nxe4 Be7 12. Re1 Nd5 13. Bc2 Nf4 14. Qc4 Ng6
15. Bg5 f6 16. Be3 Qa5 17. b4 Qd8 18. Rad1 Nce5 19. Nxe5 Nxe5 20. Qe2 Qc7 21.
Bf4 Qc6 22. Bxe5 fxe5 23. a3 Rb8 24. Qh5 Rf5 25. Qh3 h6 26. Nd2 Bf6 27. Bxf5
exf5 28. Qd3 Be6 29. c4 Rd8 30. Qe2 Rd4 31. c5 Bd5 32. f3 b6 33. Rc1 b5 34. Rc3
e4 35. fxe4 fxe4 36. Rg3 Bg5 37. Rxg5 hxg5 38. Qe3 Rd3 39. Qxg5 Rxa3 40. Nf1 a5
41. Ne3 Be6 42. bxa5 Rc3 43. Ra1 Bc8 44. Qd8+ Kh7 45. Qh4+ Kg8 46. Rd1 Qxc5 47.
Rd8+ Kf7 48. Qf4+ Kg6 49. Rd6+ Kh7 50. Qxe4+ Bf5 51. Qxf5+ 1-0

[Event "XXVII Memorial Edoardo Crespi A"]
[Site "Milano ITA"]
[Date "2006.12.08"]
[Round "2"]
[White "Locatelli, Andrea"]
[Black "Ranfagni, Stefano"]
[Result "1/2-1/2"]
[WhiteElo "2138"]
[BlackElo "2037"]
[PlyCount "26"]
[EventDate "2006.12.07"]

1. e4 e6 2. d4 d5 3. Nc3 dxe4 4. Nxe4 Nd7 5. Nf3 Ngf6 6. Bg5 Be7 7. Bxf6 Nxf6
8. Nxf6+ Bxf6 9. Bc4 O-O 10. Qe2 a6 11. O-O-O b5 12. Qe4 Rb8 13. Bd3 g6 1/2-1/2

[Event "XXVII Memorial Edoardo Crespi A"]
[Site "Milano ITA"]
[Date "2006.12.08"]
[Round "2"]
[White "Marinone, Lucio"]
[Black "Barlocco, Carlo"]
[Result "1-0"]
[WhiteElo "1980"]
[BlackElo "2198"]
[PlyCount "101"]
[EventDate "2006.12.07"]

1. d4 b6 2. Nf3 Bb7 3. c4 e6 4. e3 Nf6 5. Bd3 c5 6. Nc3 cxd4 7. exd4 Bb4 8. O-O
h6 9. Bd2 O-O 10. a3 Be7 11. Qe2 d5 12. cxd5 Nxd5 13. Qe4 g6 14. Bxh6 Re8 15.
Rac1 Nd7 16. Nxd5 Bxd5 17. Qf4 Bxf3 18. Qxf3 Bf6 19. Rfd1 Nf8 20. Bb5 Nh7 21.
Bxe8 Qxe8 22. Bf4 Rd8 23. Be5 Bg7 24. Bxg7 Kxg7 25. d5 e5 26. Rc7 Nf6 27. d6
Qe6 28. Re7 Qa2 29. Qe2 Nd7 30. Qb5 Nc5 31. Qe2 Nd7 32. Rc1 Qd5 33. Qd1 Qxd1+
34. Rxd1 Kf6 35. b4 a5 36. Rc1 axb4 37. axb4 Nb8 38. Rcc7 Rxd6 39. Rxf7+ Kg5
40. g3 Rd1+ 41. Kg2 Na6 42. h4+ Kh5 43. Rh7+ Kg4 44. f3+ Kf5 45. Rhf7+ Ke6 46.
Rce7+ Kd6 47. Rd7+ Ke6 48. Rxd1 Kxf7 49. b5 Nc5 50. Rd6 Na4 51. Kh3 1-0

[Event "XXVII Memorial Edoardo Crespi A"]
[Site "Milano ITA"]
[Date "2006.12.08"]
[Round "2"]
[White "Martinez, Rolly"]
[Black "Brugo, Marco"]
[Result "1-0"]
[WhiteElo "2411"]
[BlackElo "2091"]
[PlyCount "67"]
[EventDate "2006.12.07"]

1. e4 e6 2. d4 d5 3. Nd2 Nf6 4. e5 Nfd7 5. Bd3 c5 6. c3 Nc6 7. Ne2 cxd4 8. cxd4
f6 9. exf6 Nxf6 10. Nf3 Bd6 11. O-O O-O 12. Bf4 Bxf4 13. Nxf4 Ne4 14. Qc1 Ng5
15. Nxg5 Qxg5 16. Ne2 Qf6 17. Qd2 a6 18. Rac1 Bd7 19. Bb1 Be8 20. Rc3 Bg6 21.
Bxg6 Qxg6 22. Nc1 Rf6 23. Nb3 Raf8 24. Rg3 Qf7 25. Re3 Rf4 26. g3 Qg6 27. Kh1
Re4 28. f4 Rxe3 29. Qxe3 Qf6 30. Re1 Kf7 31. Nc5 Nxd4 32. Nd7 Nc2 33. Qd2 Qf5
34. g4 1-0

[Event "XXVII Memorial Edoardo Crespi A"]
[Site "Milano ITA"]
[Date "2006.12.08"]
[Round "2"]
[White "Mastroddi, Emiliano"]
[Black "Sardo, Gabriele"]
[Result "1/2-1/2"]
[WhiteElo "2074"]
[BlackElo "2258"]
[PlyCount "120"]
[EventDate "2006.12.07"]

1. e4 c5 2. Nf3 d6 3. Bb5+ Bd7 4. Bxd7+ Qxd7 5. c3 Nf6 6. e5 dxe5 7. Nxe5 Qc7
8. Qa4+ Nbd7 9. Nxd7 Qxd7 10. Qxd7+ Nxd7 11. d4 cxd4 12. cxd4 g6 13. Nc3 a6 14.
O-O Bg7 15. Be3 O-O 16. Rac1 Nb6 17. Rfd1 Rfd8 18. g3 Rd7 19. Ne4 Nd5 20. Nc5
Rc7 21. Nd3 Rac8 22. Rxc7 Rxc7 23. Rc1 Rxc1+ 24. Nxc1 e6 25. a3 Kf8 26. Kf1 Ke7
27. Ke2 Kd6 28. Kd3 h6 29. Ne2 f5 30. Nc3 g5 31. Nxd5 Kxd5 32. f3 g4 33. f4 a5
34. b3 Bf6 35. a4 h5 36. Bf2 b6 37. Be3 h4 38. Bf2 h3 39. Be3 Be7 40. Bd2 Ba3
41. Be3 Bb2 42. Bg1 Kc6 43. Kc4 Bc1 44. Bf2 Bd2 45. Kd3 Bb4 46. Kc4 Kd6 47. Kd3
Kd5 48. Bg1 Kc6 49. Bf2 b5 50. Bg1 Ba3 51. Be3 b4 52. Kc4 Bb2 53. Bf2 Bc3 54.
Bg1 Be1 55. Kd3 Kd5 56. Ke2 Bxg3 57. hxg3 Ke4 58. Bh2 Kxd4 59. Kd2 Ke4 60. Ke2
Kd4 1/2-1/2

[Event "XXVII Memorial Edoardo Crespi A"]
[Site "Milano ITA"]
[Date "2006.12.08"]
[Round "2"]
[White "Nannelli, Paolo"]
[Black "Johansson, Alexander"]
[Result "1/2-1/2"]
[WhiteElo "2182"]
[BlackElo "2021"]
[PlyCount "25"]
[EventDate "2006.12.07"]

1. c4 Nf6 2. g3 e5 3. Nc3 Bb4 4. Nf3 Nc6 5. Nd5 Bc5 6. d3 Nxd5 7. cxd5 Ne7 8.
Bg2 d6 9. e4 O-O 10. d4 exd4 11. Nxd4 c6 12. O-O cxd5 13. exd5 1/2-1/2

[Event "XXVII Memorial Edoardo Crespi A"]
[Site "Milano ITA"]
[Date "2006.12.08"]
[Round "2"]
[White "Pace, Pietro Dario"]
[Black "Giannetta, Paolo"]
[Result "1-0"]
[WhiteElo "2233"]
[BlackElo "1980"]
[PlyCount "100"]
[EventDate "2006.12.07"]

1. e4 d5 2. exd5 Qxd5 3. Nc3 Qd8 4. d4 Nf6 5. Bg5 c6 6. Qd2 Bf5 7. f3 e6 8.
Nge2 h6 9. Be3 Bb4 10. a3 Qa5 11. Rd1 Bd6 12. Ng3 Bh7 13. Nge4 Be7 14. Bd3 Nbd7
15. O-O O-O 16. b4 Qc7 17. Nxf6+ Nxf6 18. Ne4 Nd5 19. Bf2 b5 20. Bg3 Qb6 21.
Nc5 Bxd3 22. Qxd3 Rfd8 23. f4 a5 24. f5 exf5 25. Qxf5 Nf6 26. Be5 Rd5 27. Qf3
axb4 28. axb4 Rad8 29. c3 Rf8 30. Qh3 Rxe5 31. dxe5 Bxc5+ 32. bxc5 Qxc5+ 33.
Kh1 Qxe5 34. Rfe1 Qc5 35. Qg3 Nd5 36. Rd3 Ra8 37. Qe5 Qf2 38. Rf3 Qh4 39. Ref1
Qe7 40. Qd4 f6 41. h3 Ra4 42. Qd3 Rc4 43. Qf5 Nxc3 44. Ra1 Na4 45. Rd1 Nb6 46.
Rfd3 Nd5 47. Ra1 Ra4 48. Rc1 Rc4 49. Rdd1 Qe8 50. Qf3 Qe4 1-0

[Event "XXVII Memorial Edoardo Crespi A"]
[Site "Milano ITA"]
[Date "2006.12.08"]
[Round "2"]
[White "Romano', Fabio"]
[Black "Tagliagambe, Stefano"]
[Result "1/2-1/2"]
[WhiteElo "1922"]
[BlackElo "2050"]
[PlyCount "43"]
[EventDate "2006.12.07"]

1. e4 c5 2. Nf3 e6 3. d4 cxd4 4. Nxd4 Nc6 5. Nc3 Qc7 6. Be3 a6 7. a3 Nf6 8. Be2
Nxd4 9. Qxd4 Bd6 10. Qb6 Qxb6 11. Bxb6 Be5 12. f3 Bxc3+ 13. bxc3 d5 14. e5 Nh5
15. Be3 g6 16. g4 Ng7 17. Bh6 O-O 18. a4 Bd7 19. Kd2 Rfd8 20. Bg5 Rdc8 21. Rhb1
Bc6 22. Rb6 1/2-1/2